Joensuu-visa - Statistics

Yleistilastot
  • Tätä visaa on pelattu 154 kertaa
    137 viimeisimmän päivityksen jälkeen
  • Keskiarvotulos 15 / 27
Vastaustilastot
Vihje Vastaus % Oikein
musta
97%
Kaupungin vaakunan värit punainen
95%
Maakunta, jossa Joensuu sijaitsee Pohjois-Karjala
94%
Kontiolahti
81%
Joki, joka jakaa kaupungin kahteen osaan Pielisjoki
78%
Liperi
77%
Alueen suurin sanomalehti Karjalainen
77%
Joensuun suurin kauppakeskus Iso Myy
76%
Kaupungissa sijaitseva yliopisto Itä-Suomen yliopisto
68%
Joensuun naapurikunnat Ilomantsi
65%
Joensuun joukkoliikenteen nimi JOJO
61%
Järvi, jonka rannalla Joensuu sijaitsee Pyhäselkä
60%
2009 Pyhäselkä
60%
2009 Eno
57%
Lieksa
57%
Tohmajärvi
56%
Pelaa Mestiksessä Joensuun Kiekko-Pojat
55%
Rääkkylä
52%
Keskusta-alueen postinumerot 80100 / 80110
48%
Alueella ilmestyvä kaupunkilehti Karjalan Heili
39%
2005 Kiihtelysvaara
39%
2005 Tuupovaara
36%
hopea
34%
Joensuun lentoasemalla Liperissä mitattu Suomen kaikkien aikojen korkein lämpötila 37,2 °C
27%
Kaupungin suurin yksityinen työnantaja Pohjois-Karjalan Osuuskauppa
25%
Kuntaliitokset 1954 Pielisensuu
15%
Kaupungin nimikkoeläin Rupilisko
13%
Ehtoja vastaavia visoja ei löytynyt
Tulosjakauma
Jokaisen tuloksen saaneiden osuus
Persentiili vastausten määrän mukaan
Tuloshistoriasi
Et ole pelannut tätä visaa sen viimeisimmän päivityksen jälkeen